000 00342nam a2200121Ia 4500
008 240731s9999 xx 000 0 und d
022 _a1549-7860
245 0 _aHuman and Ecological Risk Assessment: An International Journal
260 _bTaylor & Francis
856 _uhttps://www.tandfonline.com/loi/bher20
942 _2ddc
942 _cTFEJ
999 _c76884
_d76884
945 _a1
_bMadushi Gamage
_c1
_dMadushi Gamage